000 00866nam a2200217Ii 4500
003 JO-AjNU
008 230605s9999||||xx |||||||||||||| ||und||
040 _aJO-AjNU
_bara
_erda
_cJO-AjNU
041 _aara
050 1 4 _aK830.S2238.2001
100 3 _a خاطر ، صبري حمد ,
_eauthor
_924971
245 0 0 _aالغير عن العقد " دراسة في النظرية العامة للالتزام "
250 _aط1
264 3 1 _aعمان : الدار العلمية الولية ودار الثقافة ، 2001
300 _a358ص
336 _atext
_btxt
_2rdacontent
337 _aunmediated
_bn
_2rdamedia
338 _avolume
_bnc
_2rdacarrier
490 0 _aالمكتبة القانونية (417)
650 4 _aالالتزامات -- قوانين وتشريعات -- الاردن -- العقود -- (قانون مدني ) --الأردن
_924972
999 _aA9278
_c12846
_d12846